000 00567nam a2200157Ia 4500
008 230921s9999||||xx |||||||||||||| ||und||
020 _a978-3-319-71473-8
041 _aEN
100 _aBernard Enjolras, Lester M. Salamon, Karl Henrik Sivesind, Annette Zimmer
245 4 _aThe Third Sector as a Renewable Resource for Europe
250 _a1st ed. 2018
260 _c2018
_bSpringer International Publishing
856 _uhttps://doi.org/10.1007/978-3-319-71473-8
856 _uhttps://link.springer.com/openurl?genre=book&isbn=978-3-319-71473-8
942 _cEB
999 _c249492
_d249492